| 000 | 01359cam a22003134a 4500 | ||
|---|---|---|---|
| 999 |
_c331776 _d331776 |
||
| 001 | 14666083 | ||
| 003 | NUST | ||
| 005 | 20171024162217.0 | ||
| 008 | 061211s2006 pk fh b 000 0 urdo | ||
| 010 | _a 2006312893 | ||
| 020 | _a9694163684 | ||
| 025 | _aP-U-2006312893; 15 | ||
| 040 |
_aDLC _cDLC |
||
| 042 | _alcode | ||
| 050 | 0 | 0 |
_aPK2154.5.M86 _bJ33 2006 |
| 082 |
_a891.439 _bJAB |
||
| 100 | 1 |
_aJabīn̲, Zubaidah. _95611 |
|
| 245 | 1 | 0 |
_aProfaisar Muḥammad Munavvar, bat̤aur Iqbāl shanās / _cZubaidah Jabīn̲. |
| 260 |
_aLāhaur : _bIqbāl Akādamī, _c2006. |
||
| 300 |
_a230 p. of plates : _bfacsims. ; _c22 cm. |
||
| 500 | _aOriginally presented as the author's thesis (M.Phil)--Allama Iqbal Open University, 2003. | ||
| 504 | _aIncludes bibliographical references (p. [215]-218). | ||
| 520 | _aResearch and critical appreciation of the writings of Muhammad Munawwar, 1923-, study as an expert critic of the works of Sir Muhammad Iqbal, 1877-1938. | ||
| 546 | _aIn Urdu. | ||
| 600 | 1 | 0 |
_aMunawwar, Muhammad, _d1923-2000 _xCriticism and interpretation. _95612 |
| 600 | 1 | 0 |
_aIqbal, Muhammad, _cSir, _d1877-1938 _xCriticism and interpretation. _96 |
| 710 | 2 |
_aIqbal Academy (Lahore, Pakistan) _98 |
|
| 880 |
_6100-01\(3\r _aزبیدہ جبیں |
||
| 880 |
_6245-02\(3\r _aپروفیسر محمد منور بطور اقبال شناس _cزبیدہ جبیں |
||
| 880 |
_6260-03\(3\r _aلاہور: _bاقبال اکیڈیمی پاکستان، _c2006 |
||
| 906 |
_a7 _bcbc _corigode _d3 _encip _f20 _gy-gencatlg |
||
| 942 |
_2ddc _cBK |
||